000 00394nam a2200169Ia 4500
008 230524s9999 xx 000 0 und d
020 _a9780195699645
082 _bALB
100 _aDaniel Albuquerque
245 0 _aBusiness Ethics
250 _a7
260 _aNew Delhi
_bOxford
_c2016
300 _a"XVII,594p;"
500 _aQuantity Number: 3
650 _aManagement
942 _cBK
999 _c56663
_d56663